The Oxford history of the classical world / (Record no. 112883)

MARC details
000 -LEADER
campo de control de longitud fija 00759nam a2200241 4500
001 - NÚMERO DE CONTROL
campo de control 112883
003 - IDENTIFICADOR DE NÚMERO DE CONTROL
campo de control ES-MaACL
005 - FECHA Y HORA DE LA ÚLTIMA TRANSACCIÓN
campo de control 20230906185704.0
007 - CAMPO FIJO DE DESCRIPCIÓN FÍSICA--INFORMACIÓN GENERAL
campo de control de longitud fija t|
008 - DATOS DE LONGITUD FIJA--INFORMACIÓN GENERAL
campo de control de longitud fija 061121s1986 xxu r ||||1| eng d
020 ## - NÚMERO INTERNACIONAL ESTÁNDAR DEL LIBRO
Número Internacional Estándar del Libro 0-19-872112-9
080 ## - NÚMERO DE LA CLASIFICACIÓN DECIMAL UNIVERSAL
Número de la Clasificación Decimal Universal 930.85(37/38)
245 04 - MENCIÓN DEL TÍTULO
Título The Oxford history of the classical world /
Mención de responsabilidad, etc. edited by John Boardmen, Jasper Griffin, Oswyn Murray.
260 ## - PUBLICACIÓN, DISTRIBUCIÓN, ETC.
Lugar de publicación, distribución, etc. Oxford ; New York :
Nombre del editor, distribuidor, etc. Oxford University Press,
Fecha de publicación, distribución, etc. 1986.
300 ## - DESCRIPCIÓN FÍSICA
Extensión VII, 882 p. lám. :
Otras características físicas il ;
Dimensiones 26 cm.
500 ## - NOTA GENERAL
Nota general Indice.
504 ## - NOTA DE BIBLIOGRAFÍA, ETC.
Nota de bibliografía, etc. Bibliografía.
650 #4 - PUNTO DE ACCESO ADICIONAL DE MATERIA--TÉRMINO DE MATERIA
Término de materia o nombre geográfico como elemento de entrada Civilización clásica.
9 (RLIN) 139535
700 1# - ENTRADA AGREGADA--NOMBRE PERSONAL
Nombre de persona Boardman, John.
9 (RLIN) 29630
700 1# - ENTRADA AGREGADA--NOMBRE PERSONAL
Nombre de persona Griffin, Jasper.
9 (RLIN) 59996
700 1# - ENTRADA AGREGADA--NOMBRE PERSONAL
Nombre de persona Murray, Oswyn.
9 (RLIN) 84645
852 ## - LOCALIZACIÓN
Ubicación ES-MaACL
Número de control de estantería L-10223
Sublocalización o colección R.112198
Holdings
Estatus retirado Estado de pérdida Estado de daño No para préstamo Biblioteca de origen Biblioteca actual Ubicación en estantería Fecha de adquisición Fuente de adquisición Total de préstamos Signatura topográfica completa Código de barras Visto por última vez Precio de reemplazo Tipo de ítem Koha
        Biblioteca del Ateneo de Madrid Biblioteca del Ateneo de Madrid Depósito 2 17/01/2008     L-10223 1117748 23/02/2023 23/02/2023 Libro impreso